000 00645nmm a2200157Ia 4500
008 251105s9999||||xx |||||||||||||||||und||
041 _aspa
100 _aSarmiento Rojas, Stephanie Carolina
245 0 _aSanta Bárbara, el barrio que no soportó las tempestades: Recuperación de una historia disidente en el proceso de construcción del relato histórico de Bogotá entre 1980 y 1983
264 _a[Bogotá, Colombia] :
_bUniversidad del Rosario,
_c2017
300 _a166 páginas
490 _aÓpera Prima
650 _aHistory of the Americas: Latin America
856 _uhttps://public.digitaliapublishing.com/a/48610
942 _cCF
999 _c100366
_d100366